[Event "Reykjavik Open 2013"]
[Site "Reykjavik ISL"]
[Date "2013.02.24"]
[Round "7.28"]
[White "Kristjansson,St"]
[Black "Prosviriakov,V"]
[Result "1/2-1/2"]
[WhiteElo "2486"]
[BlackElo "2297"]

1.e4 d6 2.d4 Nf6 3.Nc3 e5 4.Nf3 Nbd7 5.Bc4 Be7 6.O-O O-O 7.Re1 c6 8.a4 a5
9.h3 Nb6 10.Bb3 Nfd7 11.Ne2 exd4 12.Nexd4 Nc5 13.c3 Nxb3 14.Qxb3 Nd7 15.Bf4 Nc5
16.Qc2 Ne6 17.Bg3 Nxd4 18.Nxd4 Bd7 19.Rad1 Qb6 20.Nf5 Bxf5 21.exf5 Rfe8 22.Re2 Qc7
23.c4 Qd7 24.Red2 g6 25.fxg6 hxg6 26.Bxd6 Bxd6 27.c5 Bh2+ 28.Kxh2 Qe6 29.Kg1 Re7
30.Qc3 Qe5 31.Rd4 Kg7 32.g3 Qf6 33.R1d3 Rae8 34.Rf3 Qe5 35.Kg2 Re6 36.h4 Kg8
37.Rff4 Qe2 38.Rd7 R6e7 39.Rxe7 Rxe7 40.Qxa5 Qd1 41.Qa8+ Kg7 42.h5 Qd5+ 43.Rf3 gxh5
44.Qa5 Re5 45.Qb4 Rf5 46.Qc3+ Kg8 47.b4 Re5 48.Kh2 Re4 49.Qf6 Re1 50.b5 cxb5
51.axb5 Rc1 52.c6 bxc6 53.b6 c5 54.b7 Qxb7 55.Qg5+ Kf8 56.Qxh5 Kg8 57.Qg5+ Kf8
58.Qf6 Kg8 59.Qg5+ Kf8 60.Qf6 Kg8 61.g4 Re1 62.Qg5+ Kf8 63.Qh6+ Kg8 64.Qg5+ Kf8
65.Qxc5+ Kg8 66.Qg5+ Kf8 67.Qh6+ Kg8 68.Qg5+ Kf8 69.Qf6 Kg8 70.Rf5 Rh1+ 71.Kg3 Qc7+
72.Rf4 Qb7 73.Rd4 Qc7+ 74.Kf3 Qb7+ 75.Kg3 Qc7+ 76.Kf3 Qb7+ 77.Kf4 Kh7 78.Qf5+ Kg7
79.Qe5+ f6 80.Qe6 Qc7+ 81.Qd6 Qxd6+ 82.Rxd6 Ra1 83.Rd5 Kg6 84.Kg3 Ra3+ 85.f3 Rb3
86.Kf2 Ra3 87.f4 Rb3 88.Rd6 Kf7 89.f5 Ra3 90.Re6 Rb3 91.Re3 Rb2+ 92.Kf3 Rb4
93.Re4 Rb1 94.Ra4 Rf1+ 95.Kg2 Rb1 96.Ra7+ Kf8 97.Kf3 Rf1+ 98.Ke4 Re1+ 99.Kd5 Re2
100.Ra4 Kf7 101.Re4 Rd2+ 102.Rd4 Ra2 103.Ke4 Re2+ 104.Kf3 Re1 105.Rd7+ Kf8
106.g5 Rf1+ 107.Ke4 Re1+ 108.Kf3 Rf1+ 109.Ke4  1/2-1/2

[Event "4NCL 2012-13"]
[Site "Staverton ENG"]
[Date "2013.02.24"]
[Round "6.165"]
[White "Stebbings,A"]
[Black "Chapman,T"]
[Result "1-0"]
[WhiteElo "2265"]
[BlackElo "2279"]

1.e4 d6 2.d4 Nf6 3.Nc3 c6 4.g3 e5 5.Nge2 Be7 6.Bg2 Nbd7 7.a4 O-O 8.O-O b6
9.h3 a6 10.g4 Rb8 11.Be3 b5 12.axb5 axb5 13.Ng3 b4 14.Nce2 c5 15.dxe5 dxe5
16.Nf5 g6 17.Nd6 Qc7 18.Nxc8 Rfxc8 19.f4 c4 20.fxe5 Nxe5 21.Bd4 Rd8 22.Qe1 Bc5
23.c3 bxc3 24.bxc3 Nfd7 25.Nf4 Rb2 26.Nd5 Qd6 27.Qh4 Rdb8 28.Kh1 Rd2 29.Rf2 Rxf2
30.Qxf2 Nd3 31.Qe3 Re8 32.Qf3 Bxd4 33.cxd4 Rxe4 34.Rf1 Re6 35.Qxf7+ Kh8 36.g5 Ne1
37.Nf6 Nxf6 38.gxf6  1-0

[Event "4NCL 2012-13"]
[Site "Staverton ENG"]
[Date "2013.02.24"]
[Round "6.168"]
[White "Bhatia,K"]
[Black "Naylor,J"]
[Result "0-1"]
[WhiteElo "2057"]
[BlackElo "2153"]

1.e4 d6 2.d4 Nf6 3.Nc3 Nbd7 4.Nf3 e5 5.dxe5 dxe5 6.Bc4 Be7 7.O-O c6 8.a4 Qc7
9.Qe2 h6 10.Ba2 Nf8 11.Nh4 Bg4 12.f3 Be6 13.Nf5 Bxf5 14.exf5 N8d7 15.Kh1 O-O
16.Ne4 Rad8 17.Qf2 Nxe4 18.fxe4 Nf6 19.Re1 Rd4 20.c3 Rxe4 21.Rxe4 Nxe4 22.Qe3 Rd8
23.Bb3 Qd7 24.g4 Nc5 25.Bc2 Qd5+ 26.Kg1 Nb3 27.Bxb3 Qxb3 28.Qe2 Rd1+ 29.Kg2 Qd5+
30.Qf3 Rg1+  0-1

[Event "ch-LTU SF 2013"]
[Site "Vilnius LTU"]
[Date "2013.02.24"]
[Round "2.8"]
[White "Slusnys,E"]
[Black "Armonaitis,S"]
[Result "0-1"]
[WhiteElo "1896"]
[BlackElo "2112"]

1.e4 d6 2.d4 Nf6 3.Nc3 e5 4.Nf3 Nbd7 5.Bc4 Be7 6.O-O O-O 7.Qe2 exd4 8.Nxd4 Ne5
9.Bb3 c5 10.Nf5 Bxf5 11.exf5 Qd7 12.Nd5 Bd8 13.Nxf6+ Bxf6 14.Rd1 Qxf5 15.Rxd6 Rfe8
16.Be3 Ng4 17.Rd5 Qe4 18.Rd7 Nxe3 19.Bxf7+ Kf8 20.fxe3 Qxe3+ 21.Qxe3 Rxe3
22.Rad1 Re7 23.Rxe7 Kxe7 24.Bd5 Rd8 25.Re1+ Kd6 26.Bxb7 Rb8 27.Be4 Rxb2 28.Bxh7 Rxa2
29.Kf2 a5 30.Ke2 a4 31.Kd3 Ra3+ 32.Kc4 Rc3+ 33.Kb5 a3 34.Ra1 Bd4 35.Ra2 Re3
36.Bd3 Bb2 37.Kc4 Re8 38.h3 Kc6 39.Bg6 Re6 40.Bf5 Re3 41.Bd3 g5 42.Kb3 Kd5
43.Ka4 c4 44.Bg6 Kc5  0-1

[Event "29th Open"]
[Site "Cappelle la Grande FRA"]
[Date "2013.02.25"]
[Round "4.54"]
[White "Castellanos Rodriguez,R"]
[Black "Verduyn,F"]
[Result "1-0"]
[WhiteElo "2529"]
[BlackElo "2168"]

1.e4 d6 2.d4 Nf6 3.Nc3 c6 4.Bd3 e5 5.Nf3 Nbd7 6.O-O Be7 7.Ne2 O-O 8.Ng3 Re8
9.c3 Bf8 10.Bc2 h6 11.h3 Qc7 12.Re1 b5 13.a4 Rb8 14.Nf5 bxa4 15.N3h4 Nb6
16.Re3 g6 17.Ng3 Nc4 18.Rf3 Bg7 19.Bd3 Nxb2 20.Bxb2 Rxb2 21.Qxa4 Re7 22.dxe5 dxe5
23.Bc4 Kh7 24.Rd3 Qb6 25.Rf1 Be6 26.Rd6 Bxc4 27.Rxc6 Qb5 28.Rxc4 Qxa4 29.Rxa4 Rc7
30.Rfa1 Rbb7 31.Nf3 Nd7 32.Nf1 Rxc3 33.Rxa7 Rcc7 34.Rxb7 Rxb7 35.Ra5 f6 36.Ne3 Bf8
37.Nd5 Kg7 38.Ra6 Bc5 39.Rc6 Bf8 40.Nd2 Kf7 41.Nc4 Ra7 42.Kh2 Be7 43.h4 h5
44.g3 Bf8 45.Kh3 f5 46.Ndb6 Bg7 47.Nd6+ Kg8 48.Nbc8 Ra2 49.Ne7+ Kh7 50.exf5 gxf5
51.Rc7 Nf8 52.Nexf5 Ne6 53.Re7  1-0

[Event "ch-LTU SF 2013"]
[Site "Vilnius LTU"]
[Date "2013.02.25"]
[Round "4.5"]
[White "Zaksaite,S"]
[Black "Armonaitis,S"]
[Result "1-0"]
[WhiteElo "2162"]
[BlackElo "2112"]

1.e4 d6 2.d4 Nf6 3.Nc3 e5 4.Nf3 Nbd7 5.Bc4 Be7 6.O-O O-O 7.Re1 c6 8.a4 a5
9.b3 exd4 10.Nxd4 Nb6 11.Bf1 Nfd7 12.Ba3 Nc5 13.Qf3 Bf6 14.Rad1 Qc7 15.Qg3 Qe7
16.Bxc5 dxc5 17.Nf5 Qe6 18.Rd6 Be5 19.f4 Qxd6 20.fxe5  1-0

[Event "29th Open"]
[Site "Cappelle la Grande FRA"]
[Date "2013.02.26"]
[Round "5.106"]
[White "Kalinina,O"]
[Black "Saint Gilles,D"]
[Result "1-0"]
[WhiteElo "2279"]
[BlackElo "1735"]

1.e4 d6 2.d4 Nf6 3.Nc3 Nbd7 4.f4 e5 5.Nf3 Be7 6.dxe5 dxe5 7.fxe5 Ng4 8.Bf4 Bc5
9.Bg3 Ne3 10.Qd2 Nxf1 11.Rxf1 O-O 12.O-O-O c6 13.Nh4 b5 14.Nf5 Be7 15.h4 b4
16.Ne2 g6 17.Qh6 gxf5 18.exf5 Bf6 19.Rd4 Kh8 20.exf6  1-0

[Event "29th Open"]
[Site "Cappelle la Grande FRA"]
[Date "2013.02.27"]
[Round "6.50"]
[White "Kulon,K"]
[Black "Janev,E"]
[Result "0-1"]
[WhiteElo "2262"]
[BlackElo "2469"]

1.e4 d6 2.d4 Nf6 3.Nc3 Nbd7 4.Nf3 e5 5.Bc4 Be7 6.O-O O-O 7.Re1 exd4 8.Nxd4 Nb6
9.Bf1 Nfd7 10.f4 Bf6 11.Nf3 Nc5 12.Be3 Bd7 13.e5 Be7 14.exd6 Bxd6 15.Ng5 Bc6
16.Bd3 h6 17.Nge4 Bxe4 18.Bxe4 Nc4 19.Bd4 Ne6 20.Ne2 Bxf4 21.Bc3 Bxh2+ 22.Kxh2 Qh4+
23.Kg1 Qxe4 24.Nd4 Qh4 25.Nxe6 fxe6 26.Qd7 e5 27.Rf1 Qe4 28.Rfe1 Qf4 29.Rf1 Qe3+
30.Kh1 Qe4 31.Rae1 Ne3 32.Rxf8+ Rxf8 33.Qh3 Ng4 34.Qg3 Qc4 35.Kg1 Rf5 36.Qh4 Qc5+
37.Kh1 Rf4 38.Qh5 Qf2 39.Rg1 Nf6  0-1

[Event "29th Open"]
[Site "Cappelle la Grande FRA"]
[Date "2013.02.27"]
[Round "6.136"]
[White "Rubino,W"]
[Black "Lenoir,Au"]
[Result "1-0"]
[WhiteElo "2109"]
[BlackElo "1782"]

1.e4 d6 2.d4 Nf6 3.Nc3 Nbd7 4.Nf3 e5 5.Bc4 c6 6.dxe5 dxe5 7.Ng5 Qb6 8.Nxf7 Bc5
9.Nxh8 Bxf2+ 10.Kf1 a6 11.Nf7 Bd4 12.Nd6+ Kf8 13.Nf5 Qc5 14.Qe2 Nb6 15.Bb3 Bxf5
16.exf5 e4 17.g4 Re8 18.Bg5 Bxc3 19.bxc3 Qxc3 20.Bxf6 Qxf6 21.Rd1 e3 22.Be6 Rxe6
23.Kg2 Nd5 24.Rxd5 cxd5 25.fxe6  1-0

[Event "Reykjavik Open 2013"]
[Site "Reykjavik ISL"]
[Date "2013.02.27"]
[Round "10.70"]
[White "Johannsdottir,J"]
[Black "Palsson,H ISL"]
[Result "1/2-1/2"]
[WhiteElo "1872"]
[BlackElo "2078"]

1.e4 d6 2.d4 Nf6 3.Nc3 e5 4.dxe5 dxe5 5.Qxd8+ Kxd8 6.Bg5 Be6 7.Nf3 Nd7 8.O-O-O Bd6
9.Bb5 Kc8 10.Rhe1 h6 11.Bh4 Nh5 12.Re2 Nf4 13.Red2 Nxg2 14.Bg3 f6 15.Rg1 Nf4
16.Bxf4 exf4 17.Rxg7 a6 18.Bxd7+ Bxd7 19.e5 fxe5 20.Ne4 Bc6 21.Nxd6+ cxd6
22.Nh4 Rd8 23.Nf5 d5 24.Nxh6 Kb8 25.Nf7 Re8 26.h4 Ka7 27.h5 e4 28.h6 Re7
29.h7 Rh8 30.Nxh8 Rxg7 31.Ng6 Rxh7 32.Nxf4 Rh1+ 33.Rd1 Rh2 34.Rd2 d4 35.Ne6 Rh1+
36.Rd1 Rh2 37.Nxd4 Rxf2 38.Nxc6+ bxc6 39.Rd7+ Kb6 40.Re7 Rf4 41.Kd2 Rh4 42.b3 Rh2+
43.Kc3 Re2 44.a4 a5 45.Re5  1/2-1/2

[Event "Zagreb Open A 2013"]
[Site "Zagreb CRO"]
[Date "2013.02.27"]
[Round "3.16"]
[White "Kinez,I"]
[Black "Mrdja,M"]
[Result "0-1"]
[WhiteElo "2098"]
[BlackElo "2394"]

1.e4 d6 2.d4 Nf6 3.Nc3 Nbd7 4.f4 e6 5.Nf3 c5 6.dxc5 Nxc5 7.Bb5+ Bd7 8.Bxd7+ Qxd7
9.Qe2 Na4 10.Nxa4 Qxa4 11.e5 dxe5 12.fxe5 Nd5 13.O-O Rc8 14.c3 Be7 15.Bg5 O-O
16.Kh1 h6 17.Bd2 Qg4 18.h3 Qg6 19.c4 Nb4 20.Bxb4 Bxb4 21.a3 Be7 22.b4 b6
23.Rac1 Rc7 24.Rfd1 Rfc8 25.Rd4 h5 26.Rcd1 a5 27.bxa5 bxa5 28.a4 Qg3 29.Rd7 Qf4
30.R7d4 Qf5 31.Kh2 Bc5 32.Nh4 Qg5 33.Nf3 Qe7 34.Rd6 Rb7 35.Ra6  0-1

[Event "29th Open"]
[Site "Cappelle la Grande FRA"]
[Date "2013.02.28"]
[Round "7.2"]
[White "Fedorchuk,S"]
[Black "Hansen,Eric"]
[Result "1-0"]
[WhiteElo "2643"]
[BlackElo "2557"]

1.e4 d6 2.d4 Nf6 3.Nc3 e5 4.Nf3 Nbd7 5.Bc4 Be7 6.a4 O-O 7.O-O Nb6 8.Ba2 exd4
9.Nxd4 a5 10.Qf3 c6 11.Re1 d5 12.exd5 Nfxd5 13.Bxd5 Nxd5 14.Nxd5 cxd5 15.Bf4 Bf6
16.Be5 Bxe5 17.Rxe5 Qb6 18.Qc3 Be6 19.b3 Rac8 20.Qd2 Qc5 21.Rae1 Rfe8 22.h3 Bd7
23.c4 Qc7 24.Rxd5 b6 25.Nb5 Bxb5 26.Rxb5 h6 27.Rd5 Qc6 28.Ree5 Rxe5 29.Rxe5 Qf6
30.Qe3 Rd8 31.Rd5 Kf8 32.Rxd8+ Qxd8 33.c5 bxc5 34.Qxc5+ Kg8 35.b4 axb4 36.Qxb4 Qd1+
37.Kh2 Qc2 38.a5 Qxf2 39.Qb8+  1-0

[Event "5th Batavia GM 2013"]
[Site "Amsterdam NED"]
[Date "2013.03.01"]
[Round "2.3"]
[White "Rijnaarts,S"]
[Black "Reinderman,D"]
[Result "0-1"]
[WhiteElo "2359"]
[BlackElo "2599"]

1.e4 d6 2.d4 Nf6 3.Nc3 e5 4.Nf3 Nbd7 5.Bc4 Be7 6.O-O O-O 7.Re1 c6 8.a4 b6
9.Ba2 a6 10.h3 Rb8 11.Nh4 exd4 12.Qxd4 Nc5 13.Nf3 b5 14.axb5 axb5 15.e5 b4
16.Ne2 b3 17.Bxb3 Nxb3 18.cxb3 Nd5 19.Nc3 dxe5 20.Nxe5 Bf6 21.Qc4 Bxe5 22.Rxe5 Qd6
23.Nxd5 Qxe5 24.Bf4 Qxb2 25.Ne7+ Kh8 26.Ra7 Be6 27.Qc5 Ra8 28.Nxc6 Qxb3 29.Ne7 Rxa7
30.Qxa7 Re8 31.Bd6 Qd1+  0-1

[Event "29th ChessOrg Open"]
[Site "Bad Woerishofen GER"]
[Date "2013.03.01"]
[Round "1.14"]
[White "Pirrot,D"]
[Black "Germes,B"]
[Result "1-0"]
[WhiteElo "2377"]
[BlackElo "2017"]

1.e4 d6 2.d4 Nf6 3.Nc3 e5 4.Nf3 Nbd7 5.g4 Nxg4 6.Rg1 exd4 7.Nxd4 Nxf2 8.Kxf2 Qh4+
9.Rg3 Ne5 10.Nf3 Ng4+ 11.Kg1 Qd8 12.Ng5 Ne5 13.Bf4 Be6 14.Nxe6 fxe6 15.Bxe5  1-0

[Event "29th Open"]
[Site "Cappelle la Grande FRA"]
[Date "2013.03.01"]
[Round "8.45"]
[White "Wirig,A"]
[Black "Mouhamad,J"]
[Result "1/2-1/2"]
[WhiteElo "2490"]
[BlackElo "2209"]

1.e4 d6 2.Nc3 Nf6 3.d4 Nbd7 4.f3 e5 5.Nge2 c6 6.a4 Be7 7.Be3 O-O 8.Qd2 Re8
9.g4 d5 10.g5 Nh5 11.O-O-O exd4 12.Qxd4 Bxg5 13.f4 Bf6 14.e5 Nxe5 15.fxe5 Rxe5
16.Rd2 Qe7 17.Bf2 Bf5 18.Qc5 Qe8 19.Rg1 b6 20.Qa3 Bg6 21.Bd4 Rg5 22.Bxf6 Rxg1
23.Nxg1 Qe1+ 24.Rd1 Qe3+ 25.Kb1 Nxf6 26.Bd3 Bh5 27.Rc1 c5 28.Nce2 Re8 29.Bb5 Qxa3
30.bxa3 Re3 31.Ng3 Bg4 32.Kb2 h5 33.Rf1 Be6 34.N3e2 Ne4 35.Nf4 g6 36.Nxe6 fxe6
37.Nf3 g5 38.Nxg5 Nxg5 39.Rg1 Rh3 40.Rxg5+ Kf7 41.Rg2 Kf6 42.Re2 Rh4 43.Bd7 e5
44.Rf2+ Ke7 45.Bc6 Ke6 46.Rd2 d4 47.Re2 Kf5 48.Rf2+ Ke6 49.Re2 Kf5 50.Rf2+ Ke6
51.Re2 Kf5  1/2-1/2

[Event "Zagreb Open A 2013"]
[Site "Zagreb CRO"]
[Date "2013.03.01"]
[Round "5.17"]
[White "Basaric,S"]
[Black "Ostovic,M"]
[Result "1/2-1/2"]
[WhiteElo "2187"]
[BlackElo "2307"]

1.e4 d6 2.d4 Nf6 3.Nc3 e5 4.dxe5 dxe5 5.Qxd8+ Kxd8 6.Bc4 Ke8 7.Nf3 Bd6 8.h3 a6
9.a4 b6 10.Bg5 Nbd7 11.O-O-O h6 12.Bxf6 Nxf6 13.Rhe1 Bd7 14.Nd5 Nxd5 15.Bxd5 Ra7
16.Bb3 b5 17.a5 Ke7 18.Nh4 g6 19.f4 Be6 20.Bxe6 Kxe6 21.f5+ Kf6 22.fxg6 fxg6
23.Rf1+ Kg7 24.Rf3 Rf8 25.Rxf8 Bxf8 26.Rd7+ Kf6 27.Nf3 Bb4 28.c3 Bxa5 29.Rd5 Ra8
30.Nxe5 Bb6 31.Kd2 h5 32.Nd7+  1/2-1/2

[Event "20th Bunratty Classic"]
[Site "Bunratty IRL"]
[Date "2013.03.02"]
[Round "6.1"]
[White "Astaneh Lopez,A"]
[Black "Rombaldoni,D"]
[Result "1-0"]
[WhiteElo "2416"]
[BlackElo "2510"]

1.e4 d6 2.d4 Nf6 3.Nc3 e5 4.Nf3 exd4 5.Nxd4 Be7 6.g3 d5 7.e5 Ng4 8.e6 Nf6
9.exf7+ Kxf7 10.Bg2 c6 11.O-O Re8 12.Nce2 Na6 13.a3 Nc7 14.c4 Kg8 15.cxd5 Ncxd5
16.Qb3 Qb6 17.Qc4 Qc5 18.Qa2 a5 19.h3 Kh8 20.Kh2 Bd6 21.Bd2 Ne4 22.Be1 Ndf6
23.f3 Qh5 24.fxe4 Bxh3 25.Rxf6 Bg4+ 26.Kg1 gxf6 27.Bc3 Bc5 28.Kf1 Rad8 29.Nf4 Qh2
30.Nf3 Qh6 31.Nh4 Rd7 32.Qc4 Be3 33.e5 fxe5 34.Nfg6+ hxg6 35.Qxg4 Rf7+ 36.Ke1 Kh7
37.Be4 Rg8 38.Bxe5 Bd2+ 39.Kd1 Bg5 40.Kc2 Bxh4 41.Rh1 Rf2+ 42.Kb1  1-0

[Event "29th Open"]
[Site "Cappelle la Grande FRA"]
[Date "2013.03.02"]
[Round "9.134"]
[White "Veys,V"]
[Black "Jourdain,A"]
[Result "1-0"]
[WhiteElo "2109"]
[BlackElo "1816"]

1.e4 d6 2.d4 Nf6 3.Nc3 Nbd7 4.f4 e5 5.Nf3 exd4 6.Qxd4 c6 7.e5 dxe5 8.fxe5 Bc5
9.Qh4 Qe7 10.Bf4 h6 11.O-O-O Ng8 12.Bg5 Qf8 13.e6 fxe6 14.Bd3 Qf7 15.Rhf1 Ngf6
16.Bxf6 gxf6 17.Rde1 Be7 18.Ne4 f5 19.Neg5 Bxg5+ 20.Nxg5 hxg5 21.Qxh8+ Nf8
22.Bxf5  1-0

[Event "29th Open"]
[Site "Cappelle la Grande FRA"]
[Date "2013.03.02"]
[Round "9.131"]
[White "Magnier,Christophe"]
[Black "Duverne,J"]
[Result "0-1"]
[WhiteElo "1812"]
[BlackElo "2130"]

1.e4 d6 2.d4 Nf6 3.Nc3 Nbd7 4.Be2 e5 5.d5 Be7 6.Be3 O-O 7.f3 c6 8.Bc4 Nb6
9.Bb3 cxd5 10.Bxd5 Nfxd5 11.Nxd5 Nxd5 12.Qxd5 Be6 13.Qd2 f5 14.Ne2 fxe4 15.fxe4 d5
16.exd5 Bxd5 17.O-O-O Bxg2 18.Qe1 Qc7 19.Rg1 Bf3 20.Qg3 g6 21.Rd2 Bxe2 22.Rxe2 Qc4
23.Qg4 Rf1+  0-1

[Event "29th Open"]
[Site "Cappelle la Grande FRA"]
[Date "2013.03.02"]
[Round "9.36"]
[White "Popovic,Du"]
[Black "Hopman,P"]
[Result "1-0"]
[WhiteElo "2574"]
[BlackElo "2347"]

1.e4 d6 2.d4 Nf6 3.Nc3 e5 4.Nf3 Nbd7 5.g4 g6 6.g5 Nh5 7.Be3 c6 8.Qd2 Be7
9.O-O-O Qa5 10.Kb1 Qc7 11.dxe5 dxe5 12.Bh3 O-O 13.Bg4 Ng7 14.Ne2 Nb6 15.Bxc8 Rfxc8
16.Qc3 Bd6 17.h4 Na4 18.Qb3 b5 19.Nh2 c5 20.Bc1 c4 21.Qf3 Bf8 22.Ng4 Ne8
23.h5 Rd8 24.hxg6 fxg6 25.Rd5 Rxd5 26.exd5 Rd8 27.Ng3 Bg7 28.Ne4 Nc5 29.Nef6+ Nxf6
30.gxf6 Rf8 31.Bh6 Bxh6 32.f7+ Kh8 33.Qf6+  1-0

[Event "TCh-CAT Div Hon 2013"]
[Site "Catalonia ESP"]
[Date "2013.03.02"]
[Round "7.1"]
[White "Jerez Perez,A"]
[Black "Ipatov,Alexander"]
[Result "0-1"]
[WhiteElo "2410"]
[BlackElo "2587"]

1.e4 d6 2.d4 Nf6 3.Nc3 e5 4.Nf3 Nbd7 5.Bc4 Be7 6.O-O O-O 7.Qe2 c6 8.a4 Qc7
9.Ba2 b6 10.Rd1 Bb7 11.Nh4 exd4 12.Rxd4 d5 13.exd5 Bd6 14.Nf3 Rfe8 15.Be3 Ne5
16.h3 Bc5 17.d6 Bxd6 18.Rd2 Nxf3+ 19.Qxf3 Bh2+ 20.Kh1 Be5 21.Rad1 Bxc3 22.bxc3 c5
23.Qf5 Qc6 24.Bd5 Nxd5 25.Rxd5 Rad8 26.c4 Rd6 27.a5 Rg6 28.axb6 axb6 29.Rg1 Qa4
30.Re5 Bxg2+ 31.Kh2 Bb7 32.Rxg6 hxg6 33.Rxe8+ Qxe8 34.Qf4 f6 35.h4 Kh7 36.Kg3 Qe6
37.f3 Qd7 38.Bd2 Qa4 39.Bc3 Qxc2 40.Bxf6 Qd1 41.Qe3 Bxf3 42.Qe7  0-1

[Event "2nd Adriatico Open A"]
[Site "Montesilvano ITA"]
[Date "2013.03.02"]
[Round "2.11"]
[White "Carletti,Davide M."]
[Black "Ferretti,F"]
[Result "0-1"]
[WhiteElo "1882"]
[BlackElo "2269"]

1.e4 d6 2.d4 Nf6 3.Nc3 e5 4.d5 Be7 5.Be3 c6 6.f3 O-O 7.Qd2 cxd5 8.exd5 a6
9.g4 b5 10.a3 Nbd7 11.O-O-O Nb6 12.b3 Bb7 13.g5 Nfxd5 14.Nxd5 Nxd5 15.h4 Rc8
16.Bh3 Rc3 17.Re1 Rxe3 18.Rxe3 Nxe3 19.Qxe3 d5 20.Kb2 Qd6 21.b4 Ra8 22.c3 d4
23.cxd4 exd4 24.Qd2 a5 25.Ne2 d3 26.Nc1 axb4 27.axb4 Bxf3 28.Re1 Qxb4+ 29.Qxb4 Bxb4
30.Re3 d2  0-1

[Event "Zagreb Open A 2013"]
[Site "Zagreb CRO"]
[Date "2013.03.02"]
[Round "7.10"]
[White "Zelic,Z"]
[Black "Ostovic,M"]
[Result "1/2-1/2"]
[WhiteElo "2404"]
[BlackElo "2307"]

1.e4 d6 2.d4 Nf6 3.Nc3 e5 4.Nf3 Nbd7 5.Bc4 Be7 6.a4 c6 7.O-O O-O 8.Ba2 a5
9.h3 exd4 10.Nxd4 Nc5 11.Qf3 Qb6 12.Rd1 Be6 13.Nf5 Bxf5 14.Qxf5 Rae8 15.e5 dxe5
16.Qxe5 Qb4 17.Be3 Nfd7 18.Qf5 Bf6 19.Rab1 Bxc3 20.bxc3 Qxa4 21.Bxc5 Nxc5  1/2-1/2

[Event "29th ChessOrg Open"]
[Site "Bad Woerishofen GER"]
[Date "2013.03.03"]
[Round "3.27"]
[White "Astengo,C"]
[Black "Distelrath,O"]
[Result "1/2-1/2"]
[WhiteElo "2171"]
[BlackElo "1950"]

1.e4 d6 2.d4 Nf6 3.Nc3 e5 4.dxe5 dxe5 5.Qxd8+ Kxd8 6.Nf3 Bd6 7.Bg5 c6 8.O-O-O Ke7
9.Bc4 Bc7 10.Be3 b6 11.h3 Nbd7 12.g4 Nf8 13.Rd2 Ne6 14.Ng5 Nxg5 15.Bxg5 Be6
16.Bxe6 Kxe6 17.Rhd1 Rad8 18.Bxf6 Rxd2 19.Rxd2 gxf6 20.Ne2 h5 21.Ng3 hxg4
22.hxg4 Rh4 23.f3 Rh3 24.Rg2 Bd6 25.Kd2 Bf8 26.Ke2 Bh6 27.Nf5  1/2-1/2

[Event "TCh-HUN 2012-13"]
[Site "Dunaharaszti HUN"]
[Date "2013.03.03"]
[Round "8"]
[White "Nestorovic,N"]
[Black "Jovanovic,Zo CRO"]
[Result "0-1"]
[WhiteElo "2430"]
[BlackElo "2516"]

1.e4 d6 2.d4 Nf6 3.Nc3 e5 4.Nf3 Nbd7 5.Bc4 Be7 6.O-O O-O 7.Re1 c6 8.a4 b6
9.Ba2 a6 10.h3 Bb7 11.Nh4 Re8 12.Nf5 Bf8 13.dxe5 Nxe5 14.Bf4 Bc8 15.Nd4 Bd7
16.Bh2 b5 17.axb5 axb5 18.b4 Qb6 19.Kh1 Nc4 20.f4 Ra3 21.Nb3 Rea8 22.Bg1 Qd8
23.Qf3 d5 24.Rad1 Rxa2 25.Nxa2 Rxa2 26.exd5 Nxd5 27.c3 Ra3 28.Nc5 Bxc5 29.Bxc5 Rxc3
30.Qe4 h6 31.Ra1 Ra3 32.Rxa3 Nxa3 33.Ra1 Nc4 34.Ra7 Qc8 35.g4 f5 36.Qd4 Qe8
37.gxf5 Nf6 38.Qd3 Qf7 39.Kh2 Qd5 40.Qg3 Qxf5 41.Bd4 Nh5 42.Qf3 Nd2 43.Qg4 Qxg4
44.hxg4 Bxg4 45.Be5 Nf3+ 46.Kg2 Nh4+ 47.Kf2 Be6 48.Ke3 Nf5+ 49.Ke4 Nhg3+
50.Kf3 h5 51.Kg2 Bd5+ 52.Kh3 Ne4 53.Rc7 Nf2+ 54.Kh2 Nd3  0-1

[Event "2nd Adriatico Open A"]
[Site "Montesilvano ITA"]
[Date "2013.03.03"]
[Round "4.3"]
[White "Messina,En"]
[Black "Ferretti,F"]
[Result "1/2-1/2"]
[WhiteElo "2222"]
[BlackElo "2269"]

1.e4 d6 2.d4 Nf6 3.Nc3 e5 4.Nf3 Nbd7 5.g4 Nxg4 6.Rg1 Ngf6 7.Be3 g6 8.Qd3 Bg7
9.O-O-O exd4 10.Bxd4 O-O 11.Kb1 Nb6 12.Ng5 Qe7 13.f4 Bd7 14.Bg2 h6 15.Nh3 Ng4
16.Bxg7 Kxg7 17.Qg3 Nf6 18.Nf2 Rae8 19.Bf3 Na4 20.Nxa4 Bxa4 21.h4 Kh7 22.Rde1 Rg8
23.e5 Nd7 24.e6 Nf6 25.exf7 Qxf7 26.Rxe8 Rxe8 27.Bxb7 Nh5 28.Qa3 Qxf4 29.Nd3 Qd4
30.Rf1 Ng3 31.Rc1 Re2 32.b3 Bb5 33.Qa5 Qb6 34.Qxb6 axb6 35.Nf4 Re5 36.Rg1 Ne2
37.Nxe2 Bxe2 38.Re1 Kg7 39.Kb2 Bb5  1/2-1/2

[Event "2nd Adriatico Open A"]
[Site "Montesilvano ITA"]
[Date "2013.03.03"]
[Round "5.11"]
[White "Grasso,N"]
[Black "Franciosi,F"]
[Result "0-1"]
[WhiteElo "2056"]
[BlackElo "2081"]

1.e4 d6 2.d4 Nf6 3.Nc3 e5 4.Nf3 Nbd7 5.Bc4 Be7 6.O-O O-O 7.Qe2 c6 8.a4 a5
9.Rd1 Qc7 10.h3 Nb6 11.Bb3 Nfd7 12.Be3 exd4 13.Nxd4 Nc5 14.Nf5 Bxf5 15.Bxc5 Be6
16.Bd4 Bxb3 17.Qg4 g6 18.cxb3 Nd7 19.Rac1 Qd8 20.f4 f5 21.Qe2 fxe4 22.Qxe4 d5
23.Qe6+ Rf7 24.Kh1 Nf8 25.Qe3 Bf6 26.Re1 Bxd4 27.Qxd4 Qf6 28.Qxf6 Rxf6 29.Re7 Rf7
30.Rce1 Rd8 31.Kg1 Rd7 32.Rxd7 Nxd7 33.g3 Nc5 34.Re3 d4 35.Re8+ Rf8 36.Rxf8+ Kxf8
37.Ne2 Nxb3 38.Kf2 Ke7 39.Kf3 Nd2+ 40.Kf2 c5 41.g4 Ke6 42.Nc1 c4 43.Ke2 Ne4
44.Kf3 d3  0-1

[Event "TCh-SVK Extraliga 2012-13"]
[Site "Slovakia SVK"]
[Date "2013.03.03"]
[Round "11.5"]
[White "Csiba,D"]
[Black "Klemanic,E"]
[Result "1-0"]
[WhiteElo "2376"]
[BlackElo "2209"]

1.e4 d6 2.d4 Nf6 3.Nc3 e5 4.Nf3 Nbd7 5.g4 Nxg4 6.Rg1 Ngf6 7.Bc4 h6 8.Be3 g6
9.dxe5 dxe5 10.Bxf7+ Kxf7 11.Nxe5+ Ke8 12.Nxg6 Rg8 13.f4 Nb6 14.Qe2 Qd7 15.f5 Bb4
16.Bd2 Qf7 17.Qb5+ c6 18.Qxb4 Nfd5 19.exd5 Bxf5 20.O-O-O Rxg6 21.Rge1+ Kd7
22.dxc6+ Kxc6 23.Qb5+  1-0

[Event "TCh-HUN 2012-13"]
[Site "Szombathely HUN"]
[Date "2013.03.03"]
[Round "8"]
[White "Medvegy,N"]
[Black "Lakos,N"]
[Result "1/2-1/2"]
[WhiteElo "2328"]
[BlackElo "2290"]

1.e4 d6 2.d4 Nf6 3.Nc3 e5 4.Nf3 exd4 5.Nxd4 Be7 6.Bf4 c6 7.Qd2 O-O 8.O-O-O b5
9.f3 Bd7 10.g4 b4 11.Nce2 c5 12.Nf5 Bxf5 13.gxf5 Qa5 14.Kb1 Nc6 15.Nc1 Ne5
16.Qg2 Kh8 17.Rg1 Rg8 18.Bxe5 dxe5 19.Bc4 Raf8 20.Rd3 Qc7 21.Rgd1 a5 22.Qh3 a4
23.Ne2 Rd8 24.Bxf7 c4 25.Rxd8 Rxd8 26.Qf1 c3 27.Rxd8+ Bxd8 28.Qd1 cxb2 29.Kxb2 Be7
30.Qd3 Bc5 31.Be6 Qb6 32.Bc4 a3+ 33.Kb3 Be7  1/2-1/2

[Event "45th Belgrade WGM"]
[Site "Belgrade SRB"]
[Date "2013.03.06"]
[Round "5"]
[White "Vega Gutierrez,S"]
[Black "Dragomirescu,An"]
[Result "1-0"]
[WhiteElo "2364"]
[BlackElo "2225"]

1.e4 d6 2.d4 Nf6 3.Nc3 e5 4.Nge2 Be7 5.g3 O-O 6.Bg2 c6 7.a4 a5 8.O-O Na6
9.Re1 Nb4 10.b3 Qc7 11.Bb2 Bd7 12.h3 Rad8 13.Qd2 Bc8 14.Rad1 Rfe8 15.Kh2 Bf8
16.f4 exd4 17.Nxd4 d5 18.e5 Nd7 19.Qf2 Nb6 20.Nb1 c5 21.Nb5 Qb8 22.c3 Na6
23.Bc1 Nc7 24.Nxc7 Qxc7 25.f5 Bd7 26.Bg5 Rc8 27.f6 Be6 28.fxg7 Bxg7 29.Na3 Nd7
30.Nb5 Qb6 31.Nd6 Nxe5 32.Nxc8 Rxc8 33.Bf6 Ng6 34.Bxg7 Kxg7 35.Bxd5 Bxd5
36.Rxd5 Qxb3 37.Rd7 Rc6 38.Rf1 Ne5 39.Re7 Qxc3 40.Qf4 Qc2+ 41.Rf2  1-0

[Event "45th Belgrade WGM"]
[Site "Belgrade SRB"]
[Date "2013.03.06"]
[Round "5"]
[White "Zarkovic,M"]
[Black "Benderac,A"]
[Result "1-0"]
[WhiteElo "2053"]
[BlackElo "2226"]

1.e4 d6 2.d4 Nf6 3.Nc3 c6 4.f3 b5 5.a3 a6 6.Be3 Nbd7 7.Qd2 e5 8.Nge2 Nb6
9.Ng3 Qc7 10.Qf2 Rb8 11.dxe5 dxe5 12.Be2 Be6 13.O-O Nc4 14.Bxc4 Bxc4 15.Rfd1 g6
16.Rd2 Be7 17.Rad1 O-O 18.Bh6 Rfd8 19.Nf5 Bf8 20.Bxf8 Rxf8 21.Qh4 Ne8 22.Ne7+ Kg7
23.Qg5 Be6 24.Nf5+ Kh8 25.Nd6 Qb6+ 26.Kh1 f6 27.Qh4 Ng7 28.f4 exf4 29.Qxf4 b4
30.Ne2 bxa3 31.bxa3 Qa5 32.Nd4 Qxa3 33.Nxc6 Rb6 34.Ne7 Qc5 35.Qh6 Qh5 36.Qe3 Qa5
37.c4 Rfb8 38.c5 Rb1 39.h3 Qa1 40.Qd4 Rxd1+ 41.Rxd1 Qxd4 42.Rxd4 Nh5 43.c6 a5
44.c7 Rb4 45.Nf7+ Kg7 46.Nd8  1-0

[Event "29th ChessOrg Open"]
[Site "Bad Woerishofen GER"]
[Date "2013.03.07"]
[Round "7.49"]
[White "Sakowski,C"]
[Black "Thonig,M"]
[Result "1-0"]
[WhiteElo "1960"]
[BlackElo "1634"]

1.e4 d6 2.d4 Nf6 3.Nc3 c6 4.Nf3 g6 5.Bd3 Bg7 6.O-O O-O 7.Be3 h6 8.h3 b5 9.Qd2 Kh7
10.a3 a5 11.Rfe1 Ng8 12.d5 cxd5 13.exd5 Bb7 14.Bxb5 Nf6 15.a4 Nbd7 16.Rad1 Rc8
17.Bd4 Nb6 18.Bxb6 Qxb6 19.Rxe7 Rc5 20.Qe3 Kg8 21.Ne1 Qd8 22.Rxb7 Qa8 23.Bc6 Nxd5
24.Bxd5 Rxd5 25.Ra7 Rxd1 26.Rxa8 Rxe1+ 27.Qxe1 Rxa8 28.Qd2 Re8 29.Kf1 Re6
30.b3 g5 31.Nd5 Re5 32.Qxa5 Kh7 33.Qa8 Re6 34.a5 Bb2 35.a6 Bc1 36.Qb7 Kg7
37.a7 Bd2 38.Ne3  1-0

[Event "29th ChessOrg Open"]
[Site "Bad Woerishofen GER"]
[Date "2013.03.07"]
[Round "7.43"]
[White "Neu,P"]
[Black "Distelrath,O"]
[Result "1-0"]
[WhiteElo "2086"]
[BlackElo "1950"]

1.e4 d6 2.d4 Nf6 3.Nc3 e5 4.Nge2 Be7 5.h3 c6 6.g4 Nbd7 7.Be3 Qa5 8.Bg2 b5
9.a3 Nb6 10.b3 Bb7 11.O-O Nfd7 12.Qd2 Nf8 13.f4 Rd8 14.Qe1 exd4 15.Nxd4 Ng6
16.e5 d5 17.Nf5 O-O 18.Nxd5  1-0